000 00849cam a2200217 4500
001 WS118820
008 020715n 000 0 eng u
035 _a(Sirsi) u118820
110 _aCorenet Global
_94279
245 _aCorenet Global
520 _aWeb site for this organisation for business leaders 'engaged in the strategic management of real estate for major corporations worldwide'. Includes details of their compensation survey, a software directory and a discussion forum.
650 _aORGANISATION
650 _aINTERNATIONAL
650 _aFACILITIES MANAGEMENT
_96240
650 _aSOFTWARE
650 _aValuation
_96273
650 _aManagement consultancy
_96255
690 _aPROPERTY-COMMERCIAL PROPERTY
856 4 0 _uhttps://www.corenetglobal.org
_zView the website free of charge at www.corenetglobal.org...
942 _n0
999 _c120092
_d120092